Física

שמור ב:
מידע ביבליוגרפי
Main Authors: Resnick, Robert (Author), Halliday, David (Author), Krane, Kenneth S (Author)
פורמט: ספר
שפה:ספרדית
יצא לאור: Ciudad de México Continental 1994
מהדורה:3a. ed
נושאים:
תגים: הוספת תג
אין תגיות, היה/י הראשונ/ה לתייג את הרשומה!

MARC

LEADER 00000nam a2200000 a 4500
001 UCY4565
003 CL-VaPUC
008 950317e19940000MX |||||||||||||||||spa|d
020 |a 9682612551 
082 0 4 |a 530  |b RES  |2 21 
100 0 |a Resnick, Robert  |e author  |9 320453 
700 0 |a Halliday, David  |e author  |9 320454 
700 |a Krane, Kenneth S  |e author  |9 480848 
245 1 0 |a Física 
250 |a 3a. ed 
300 |a 2 v 
942 |c BK 
945 |d 19950317 00:00:00  |a mfernand 
260 |a Ciudad de México  |b Continental  |c 1994 
650 0 |a Física   |9 227844 
583 |a last modification  |c 20150713 14:25:13  |k Rodrigo Vera 
999 |c 232386  |d 232384 
952 |0 0  |1 0  |4 0  |6 530_000000000000000_RES_1994  |7 0  |8 A  |9 236602  |a BIBMAT  |b BIBMAT  |d 2019-11-15  |h v.1  |i 3152480  |o 530 RES 1994  |p 3152480  |r 2025-01-07  |w 2019-11-15  |y BK  |k MAT 
952 |0 0  |1 0  |4 0  |6 530_000000000000000_RES_1994  |7 0  |8 A  |9 236607  |a BIBING  |b BIBING  |d 2019-11-15  |h v.1  |i 3215857  |o 530 RES 1994  |p 3215857  |r 2023-03-02  |w 2019-11-15  |y BK  |k TRA 
952 |0 0  |1 0  |4 0  |6 530_000000000000000_RES_1994  |7 0  |8 R  |9 236618  |a BIBMEC  |b BIBMEC  |d 2019-11-15  |h v.1  |i 3227618  |o 530 RES 1994  |p 3227618  |r 2024-01-19  |w 2019-11-15  |y BK_R  |k MEC 
952 |0 0  |1 0  |4 0  |6 530_000000000000000_RES_1994  |7 0  |8 R  |9 236620  |a BIBMEC  |b BIBMEC  |d 2019-11-15  |h v.1  |i 3243060  |o 530 RES 1994  |p 3243060  |r 2024-01-19  |w 2019-11-15  |y BK_R  |k MEC 
952 |0 0  |1 0  |4 0  |6 530_000000000000000_RES_1994  |7 0  |8 R  |9 236621  |a BIBMEC  |b BIBMEC  |d 2019-11-15  |h v.2  |i 3243079  |o 530 RES 1994  |p 3243079  |r 2024-01-19  |w 2019-11-15  |y BK_R  |k MEC 
952 |0 0  |1 0  |2 ddc  |4 0  |6 530_000000000000000_RES_1994  |7 0  |8 A  |9 236622  |a BIBCUR  |b BIBCUR  |d 2019-11-15  |h v.1  |i 3262650  |o 530 RES 1994  |p 3262650  |r 2025-04-22  |w 2019-11-15  |y BK  |k FIS 
952 |0 0  |1 0  |4 0  |6 530_000000000000000_RES_1994  |7 0  |8 R  |9 236623  |a BIBMEC  |b BIBMEC  |d 2019-11-15  |h v.1  |i 3284263  |o 530 RES 1994  |p 3284263  |r 2024-01-19  |w 2019-11-15  |y BK_R  |k MEC 
952 |0 0  |1 0  |4 0  |6 530_000000000000000_RES_1994  |7 0  |8 R  |9 236624  |a BIBMEC  |b BIBMEC  |d 2019-11-15  |h v.2  |i 3290379  |o 530 RES 1994  |p 3290379  |r 2024-01-19  |w 2019-11-15  |y BK_R  |k MEC 
952 |0 0  |1 0  |4 0  |6 530_000000000000000_RES_1994  |7 0  |8 R  |9 236625  |a BIBMEC  |b BIBMEC  |d 2019-11-15  |h v.1  |i 3284255  |o 530 RES 1994  |p 3284255  |r 2024-01-19  |w 2019-11-15  |y BK_R  |k MEC 
952 |0 0  |1 0  |4 0  |6 530_000000000000000_RES_1994  |7 0  |8 A  |9 236627  |a BIBMAT  |b BIBMAT  |d 2019-11-15  |h v.2  |i 354883K  |o 530 RES 1994  |p 354883K  |r 2025-01-07  |w 2019-11-15  |y BK  |k MAT 
952 |0 0  |1 0  |4 0  |6 530_000000000000000_RES_1994  |7 0  |8 A  |9 236628  |a BIBMAT  |b BIBMAT  |d 2019-11-15  |h v.2  |i 3548848  |o 530 RES 1994  |p 3548848  |r 2025-01-07  |w 2019-11-15  |y BK  |k MAT 
952 |0 0  |1 0  |2 ddc  |4 0  |6 530_000000000000000_RES_1994  |7 0  |8 A  |9 236629  |a BIBCUR  |b BIBCUR  |c GEN  |d 2019-11-15  |h v.1  |i 3548856  |l 1  |m 1  |o 530 RES 1994  |p 3548856  |r 2025-04-22  |s 2025-03-10  |w 2019-11-15  |y BK  |k RNT 
952 |0 0  |1 0  |4 0  |6 530_000000000000000_RES_1994  |7 0  |8 A  |9 236630  |a BIBALI  |b BIBALI  |c RES  |d 2019-11-15  |h v.1  |i 3548864  |o 530 RES 1994  |p 3548864  |r 2025-01-20  |w 2019-11-15  |y BK_R  |k ALI 
952 |0 0  |1 0  |4 0  |6 530_000000000000000_RES_1994  |7 0  |8 A  |9 236632  |a BIBALI  |b BIBALI  |c RES  |d 2019-11-15  |h v.1  |i 3548880  |o 530 RES 1994  |p 3548880  |r 2025-01-20  |w 2019-11-15  |y BK_R  |k ALI 
952 |0 0  |1 0  |2 ddc  |4 0  |6 530_000000000000000_RES_1994  |7 0  |8 A  |9 236633  |a BIBCUR  |b BIBCUR  |c GEN  |d 2019-11-15  |h v.1  |i 3548899  |l 2  |o 530 RES 1994  |p 3548899  |r 2025-04-22  |s 2024-08-16  |w 2019-11-15  |y BK  |k RNT 
952 |0 0  |1 0  |2 ddc  |4 0  |6 530_000000000000000_RES_1994  |7 0  |8 CCM  |9 236637  |a BIBCUR  |b BIBCUR  |d 2019-11-15  |h v.2  |i 3548937  |l 12  |m 7  |o 530 RES 1994  |p 3548937  |r 2025-04-22  |s 2024-11-06  |w 2019-11-15  |y BK  |k RNT 
952 |0 0  |1 0  |4 0  |6 530_000000000000000_RES_1994  |7 0  |8 A  |9 236638  |a BIBALI  |b BIBALI  |c RES  |d 2019-11-15  |h v.2  |i 3548945  |o 530 RES 1994  |p 3548945  |r 2025-01-20  |w 2019-11-15  |y BK_R  |k ALI 
952 |0 0  |1 0  |2 ddc  |4 0  |6 530_000000000000000_RES_1994  |7 0  |8 CCM  |9 236639  |a BIBCUR  |b BIBCUR  |d 2019-11-15  |h v.2  |i 3548953  |l 6  |m 6  |o 530 RES 1994  |p 3548953  |r 2025-04-22  |s 2024-08-26  |w 2019-11-15  |y BK  |k RNT 
952 |0 0  |1 0  |2 ddc  |4 0  |6 530_000000000000000_RES_1994  |7 0  |8 CCM  |9 236640  |a BIBCUR  |b BIBCUR  |d 2019-11-15  |h v.2  |i 3548961  |l 14  |m 11  |o 530 RES 1994  |p 3548961  |r 2025-04-22  |s 2024-11-04  |w 2019-11-15  |y BK  |k RNT 
952 |0 0  |1 0  |2 ddc  |4 0  |6 530_000000000000000_RES_1994  |7 0  |8 CCM  |9 236641  |a BIBCUR  |b BIBCUR  |d 2019-11-15  |h v.2  |i 354897K  |l 16  |m 10  |o 530 RES 1994  |p 354897K  |r 2025-04-22  |s 2024-11-18  |w 2019-11-15  |y BK  |k RNT 
952 |0 0  |1 0  |2 ddc  |4 0  |6 530_000000000000000_RES_1994  |7 0  |8 CCM  |9 236642  |a BIBCUR  |b BIBCUR  |d 2019-11-15  |h v.2  |i 3548988  |l 12  |m 3  |o 530 RES 1994  |p 3548988  |r 2025-04-22  |s 2024-11-19  |w 2019-11-15  |y BK  |k RNT 
952 |0 0  |1 0  |2 ddc  |4 0  |6 530_000000000000000_RES_1994  |7 0  |8 CCM  |9 236644  |a BIBCUR  |b BIBCUR  |d 2019-11-15  |h v.2  |i 3549003  |l 9  |m 4  |o 530 RES 1994  |p 3549003  |r 2025-04-22  |s 2024-09-25  |w 2019-11-15  |y BK  |k RNT 
952 |0 0  |1 0  |4 0  |6 530_000000000000000_RES_1994  |7 0  |8 A  |9 236645  |a BIBING  |b BIBING  |d 2019-11-15  |h v.1  |i 3549011  |o 530 RES 1994  |p 3549011  |r 2023-03-02  |w 2019-11-15  |y BK  |k ING 
952 |0 0  |1 0  |4 0  |6 530_000000000000000_RES_1994  |7 0  |8 R  |9 236649  |a BIBMEC  |b BIBMEC  |d 2019-11-15  |h v.2  |i 3549062  |l 1  |o 530 RES 1994  |p 3549062  |r 2024-01-19  |s 2022-10-06  |w 2019-11-15  |y BK_R  |k MEC 
952 |0 0  |1 0  |4 0  |6 530_000000000000000_RES_1994  |7 0  |8 R  |9 236650  |a BIBMEC  |b BIBMEC  |d 2019-11-15  |h v.2  |i 3549089  |o 530 RES 1994  |p 3549089  |r 2024-01-19  |w 2019-11-15  |y BK_R  |k MEC 
952 |0 0  |1 0  |4 0  |6 530_000000000000000_RES_1994  |7 0  |8 R  |9 236651  |a BIBMEC  |b BIBMEC  |d 2019-11-15  |h v.2  |i 3549097  |o 530 RES 1994  |p 3549097  |r 2024-01-19  |w 2019-11-15  |y BK_R  |k MEC 
952 |0 0  |1 0  |4 0  |6 530_000000000000000_RES_1994  |7 0  |8 R  |9 236652  |a BIBMEC  |b BIBMEC  |d 2019-11-15  |h v.2  |i 3549100  |o 530 RES 1994  |p 3549100  |r 2024-01-19  |w 2019-11-15  |y BK_R  |k MEC 
952 |0 0  |1 0  |4 0  |6 530_000000000000000_RES_1994  |7 0  |8 A  |9 236654  |a BIBING  |b BIBING  |d 2019-11-15  |h v.2  |i 3555259  |o 530 RES 1994  |p 3555259  |r 2023-03-02  |w 2019-11-15  |y BK  |k ING 
952 |0 0  |1 0  |2 ddc  |4 0  |6 530_000000000000000_RES_1994  |7 0  |8 A  |9 236656  |a BIBCUR  |b BIBCUR  |d 2019-11-15  |h v.2  |i 4156366  |l 5  |m 5  |o 530 RES 1994  |p 4156366  |r 2025-04-22  |s 2023-10-19  |w 2019-11-15  |y BK  |k BCB